[Event "Niederbayernliga 1213"]
[Site "Bayern"]
[Date "2013.??.??"]
[Round "8"]
[White "Pfaeffinger, Georg"]
[Black "Kollmeder, Johann"]
[Result "1-0"]
[WhiteElo "1679"]
[BlackElo "1388"]
[PlyCount "41"]
[EventDate "2012.10.14"]
[EventType "team-tourn"]
[EventRounds "9"]
[EventCountry "GER"]
[SourceTitle "EXT 2023"]
[Source "ChessBase"]
[SourceDate "2022.10.05"]
[SourceVersion "1"]
[SourceVersionDate "2022.10.05"]
[SourceQuality "1"]
[WhiteTeam "Geiselhoering"]
[BlackTeam "Ergolding"]
[WhiteTeamCountry "GER"]
[BlackTeamCountry "GER"]

1. e4 e5 2. Nf3 Nc6 3. d4 exd4 4. Bc4 Bb4+ 5. c3 dxc3 6. bxc3 Bxc3+ 7. Nxc3 Nge7 8. 0-0 d6 9. Re1 Bg4 10. Bxf7+ Kxf7 11. Ng5+ Ke8 12. Qxg4 Ne5 13. Qh3 Qd7 14. Qxd7+ Kxd7 15. f4 Nd3 16. Rd1 Nxc1 17. Raxc1 Kc8 18. Nb5 Nc6 19. Ne6 a6 20. Nbxc7 Rb8 21. Rxd6 1-0